Our bodies and how we live; an elementary text-book of physiology and hygiene for use in schools.

Bibliographic Details
Main Author: Blaisdell, Albert F. (Albert Franklin), 1847-1927
Format: Book
Language:English
Published: Boston, Ginn, 1904.
Edition:Rev. ed.
Subjects:

MARC

Tag First Indicator Second Indicator Subfields
LEADER 00000cam a22000001 4500
001 in00000035504
005 20230801171851.0
008 820626s1904 maua 000 0 eng
010 |a  04010081  
016 7 |a 61360920R  |2 DNLM 
019 |a 6464921 
029 0 |a NLM  |b 61360920R 
035 |a (OCoLC)ocm14794698  
035 |a (OCoLC)14794698  |z (OCoLC)6464921 
035 |a (OCoLC)ocm14794698  
040 |a NLM  |b eng  |c NLM  |d TXA  |d CUN  |d OCLCE  |d KRTAS  |d OCLCF  |d OCLCQ  |d ORU  |d OCL  |d GZH  |d NLM  |d OCLCQ  |d OCLCO  |d OCL 
050 1 4 |a QP36  |b .B63 1904 
060 0 0 |a QTA  |b B636o 1904 
082 0 4 |a 613  |b B635o, Rev. ed. 
100 1 |a Blaisdell, Albert F.  |q (Albert Franklin),  |d 1847-1927. 
245 1 0 |a Our bodies and how we live;  |b an elementary text-book of physiology and hygiene for use in schools. 
250 |a Rev. ed. 
260 |a Boston,  |b Ginn,  |c 1904. 
300 |a vi, 352 pages  |b illustrations 
336 |a text  |b txt  |2 rdacontent 
337 |a unmediated  |b n  |2 rdamedia 
338 |a volume  |b nc  |2 rdacarrier 
583 |a Will not digitize  |c 20160217  |l scanned by another institution  |2 pda  |5 DNLM 
650 0 |a Physiology. 
650 0 |a Physiology  |v Textbooks. 
650 0 |a Hygiene. 
650 2 |a Hygiene 
650 2 |a Physiology 
650 6 |a Physiologie. 
650 6 |a Hygiène. 
650 7 |a physiology.  |2 aat 
650 7 |a Hygiene.  |2 fast  |0 (OCoLC)fst00965349 
650 7 |a Physiology.  |2 fast  |0 (OCoLC)fst01063177 
655 2 |a Juvenile Literature 
655 7 |a Textbooks.  |2 fast  |0 (OCoLC)fst01423863 
776 0 8 |i Also issued on microfilm.  |d [Bethesda, Md.] : National Library of Medicine, 1993.  |h 1 microfilm reel : negative ; 35 mm. 
938 |a Kirtas Technologies, Inc.  |b KRTS  |n 319816 
948 |h HELD BY TXA - 34 OTHER HOLDINGS 
994 |a Z0  |b TXA 
999 f f |s 4f97373f-030a-3eb9-ab24-65940121b9df  |i 07401978-21e6-3969-b79f-10083d66bdc1  |t 0 
952 f f |p ric  |a Texas A&M University  |b Rellis Campus  |c Joint Library Facility  |d Remote Storage  |t 0  |e QP36 .B67  |h Library of Congress classification  |i unmediated -- volume  |m A14801028058 
998 f f |a QP36 .B67  |t 0  |l Remote Storage